| 000 | 00545nam a2200205Ia 4500 | ||
|---|---|---|---|
| 999 |
_c41634 _d41634 |
||
| 001 | 8303 | ||
| 003 | GE_BSU | ||
| 005 | 20240429170206.0 | ||
| 008 | 181216s2012||||enk|||||||||||||| ||eng|| | ||
| 020 | _a9780582507333 | ||
| 040 | _cGE_BSU | ||
| 080 | _a811.111(075) M-25 | ||
| 100 |
_aMann, Richard _921986 |
||
| 245 |
_aNew proficiency GOLD Exam maximizer : _bGold / _cRichard Mann. |
||
| 264 |
_aEngland : _bLongman, _c2012. |
||
| 300 |
_a176 p. ; _c28 cm. |
||
| 541 | _h21Gel. | ||
| 653 | _aNew proficiency GOLD Coursebook | ||
| 942 |
_cBK _2udc |
||